NBA players by college - Statistics

General Stats
  • This quiz has been taken 142 times
  • The average score is 27 of 34
Answer Stats
College Player name Team + Jersey # % Correct
Davidson Stephen Curry GSW #30
100%
Duke Jayson Tatum BOS #0
98%
Texas Kevin Durant PHO #35
98%
California Berkely Jaylen Brown BOS #7
97%
Murray State Ja Morant MEM #12
93%
Kentucky Devin Booker PHO #1
92%
Georgia Anthony Edwards MIN #1
90%
Duke Paolo Banchero ORL #5
90%
Iowa State Tyrese Haliburton IND #0
90%
Villinova Jalen Brunson NYK #11
89%
Kentucky De'Aaron Fox SAC #5
88%
Kentucky Joel Embiid PHI #21
88%
Marquette Jimmy Butler MIA #22
87%
Kentucky Tyrese Maxey PHI #0
87%
Kentucky Anthony Davis LAL #3
86%
Duke Zion Williamson NOP #1
86%
Kentucky Bam Adebayo MIA #13
84%
Gonzaga Domontas Sabonis SAC #11
82%
Michigan State Jaren Jackson Jr. MEM #13
82%
Duke Kyrie Irving DAL #11
82%
New Mexico State Pascal Siakam IND #43
81%
Florida State Scottie Barnes TOR #4
80%
Oklahoma Trae Young ATL #11
79%
Fresno State Paul George PHI #13
78%
Louisville Donovan Mitchell CLE #45
77%
Weber State Damian Lillard MIL #0
76%
Duke Brandon Ingram NOP #14
74%
Kentucky Karl Anthony-Towns NYK #32
74%
Kentucky Shai Gilgious Alexander OKC #2
72%
Kentucky Julius Randle MIN #30
68%
Florida Bradley Beal PHO #3
67%
USC DeMar DeRozan SAC #10
66%
UCLA Jrue Holiday BOS #4
57%
Kentucky Jamal Murrary DEN #27
5%
No matching quizzes found
Score Distribution
Percent of People with Each Score
Percentile by Number Answered
Your Score History
You have not taken this quiz